Statystyki dla Gospodarze Eurowizji (1956-2020)

Kliknij tutaj aby rozwiązać quiz!

Ogólne statystyki

  • Ten quiz został rozwiązany 176 razy
  • Średni wynik to 49 z 65

Statystyki odpowiedzi

RokPaństwoMiasto% Poprawnych
1977Wielka BrytaniaLondyn
98%
1960Wielka BrytaniaLondyn
98%
1963Wielka BrytaniaLondyn
98%
1968Wielka BrytaniaLondyn
98%
1970HolandiaAmsterdam
95%
2017UkrainaKijów
94%
2005UkrainaKijów
94%
1996NorwegiaOslo
94%
2010NorwegiaOslo
94%
1978FrancjaParyż
94%
1995IrlandiaDublin
93%
1994IrlandiaDublin
93%
1981IrlandiaDublin
93%
1971IrlandiaDublin
93%
1988IrlandiaDublin
93%
1997IrlandiaDublin
93%
2001DaniaKopenhaga
93%
1964DaniaKopenhaga
93%
2014DaniaKopenhaga
93%
2018PortugaliaLizbona
93%
2009RosjaMoskwa
93%
1991WłochyRzym
93%
2015AustriaWiedeń
93%
1967AustriaWiedeń
93%
1962LuksemburgLuksemburg
92%
1984LuksemburgLuksemburg
92%
1973LuksemburgLuksemburg
92%
1966LuksemburgLuksemburg
92%
2000SzwecjaSztokholm
92%
1975SzwecjaSztokholm
92%
2016SzwecjaSztokholm
92%
2007FinlandiaHelsinki
90%
2003ŁotwaRyga
90%
2006GrecjaAteny
89%
2004TurcjaStambuł
89%
2002EstoniaTallinn
89%
2008SerbiaBelgrad
85%
1969HiszpaniaMadryt
85%
1983NiemcyMonachium
85%
1987BelgiaBruksela
84%
1979IzraelJerozolima
84%
1999IzraelJerozolima
84%
2020 (odwołana)HolandiaRotterdam
84%
2012AzerbejdżanBaku
78%
2019IzraelTel Awiw-Jafa
73%
1992SzwecjaMalmo
72%
2013SzwecjaMalmo
72%
1990JugosławiaZagrzeb
64%
1965WłochyNeapol
63%
1980HolandiaHaga
61%
1976HolandiaHaga
61%
1998Wielka BrytaniaBirmingham
57%
1985SzwecjaGoteborg
49%
1957NiemcyFrankfurt nad Menem
46%
2011NiemcyDusseldorf
43%
1972Wielka BrytaniaEdynburg
41%
1986NorwegiaBergen
38%
1989SzwajcariaLozanna
34%
1961FrancjaCannes
22%
1959FrancjaCannes
22%
1956SzwajcariaLugano
21%
1974Wielka BrytaniaBrighton
17%
1993IrlandiaMillstreet
14%
1958HolandiaHilversum
13%
1982Wielka BrytaniaHarrogate
12%

Rozkład punktacji

Percentyl według liczby udzielonych odpowiedzi

Procent ludzi z każdym wynikiem

Twoja historia wyników

Nie rozwiązałeś tego quizu